| 000 | 00805nam a22002177a 4500 | ||
|---|---|---|---|
| 003 | OSt | ||
| 005 | 20260226054429.0 | ||
| 008 | 260226b |||||||| |||| 00| 0 eng d | ||
| 020 | _a9710723146 | ||
| 040 |
_aDWCL-Main Lib _cOC |
||
| 082 |
_2Updated edition. _aFil. 330 Ec17 2008 |
||
| 100 | _aRillo, Julia D. ...[et.al.] | ||
| 245 | _aEconomics : basic principles, applications and issues / Julia D. Rillo [and three others] | ||
| 260 |
_aQuezon City, Philippines : _bVibal Publishing House, _cc2008. |
||
| 300 |
_a313 pages : _billustrations ; _c26 cm. |
||
| 490 | _aVP CHP series. | ||
| 504 | _a1. Includes bibliographical references and glossary. | ||
| 650 | _aEconomics - Philippines. | ||
| 650 | _aEconomics - Study and teaching (Secondary). | ||
| 942 |
_2ddc _cBK-FIL _eUpdated edition. _mFil. _n0 |
||
| 999 |
_c8569 _d8569 |
||